| 000 | 00335 a2200121 4500 | ||
|---|---|---|---|
| 001 | 156917 | ||
| 040 | _cEscola São Tomás de Aquino | ||
| 100 | _aVILELA, Antonio Carlos | ||
| 240 | 1 | 0 |
_aCoisas que todo garoto deve saber _lpor |
| 245 | 1 | 0 | _aCoisas que todo garoto deve saber |
| 697 | _aEducação sexual / Higiene sexual | ||
| 942 | _cBK | ||
| 999 |
_c156917 _d156917 |
||